Statistics for Maisie Peters - Glowing Review

Click here to take the quiz!

General Stats

  • This quiz has been taken 12 times
  • The average score is 300 of 339

Answer Stats

Answer% Correct
a
100%
always
100%
And
100%
and
100%
are
100%
asked
100%
be
100%
better
100%
blush,
100%
but
100%
But
100%
Casio
100%
‘Cause
100%
certain
100%
defences
100%
defences,
100%
dress
100%
feel
100%
felt
100%
felt,
100%
for
100%
found
100%
friends,
100%
girl
100%
giving
100%
glowing
100%
got
100%
highest
100%
I
100%
I’d
100%
I’ll
100%
I’m
100%
in
100%
In
100%
It
100%
it
100%
it’s
100%
“It’s
100%
know
100%
life,
100%
Life
100%
lot
100%
more
100%
my
100%
My
100%
no
100%
No
100%
not
100%
nothing
100%
of
100%
off
100%
plot
100%
rest
100%
review
100%
review”
100%
said
100%
shelf
100%
still
100%
tell
100%
than
100%
the
100%
think
100%
This
100%
this
100%
to
100%
trenches
100%
truth
100%
twist
100%
watch
100%
way
100%
we
100%
wedding
100%
We’ll
100%
Well
100%
we’ll
100%
What
100%
what
100%
with
100%
you,
100%
you?
100%
you
100%
You
100%
you’ll
100%
your
100%
yourself
100%
changed,
86%
Fields”
86%
first
86%
First
86%
Friday
86%
get
86%
guess
86%
has
86%
Heath
86%
heath
86%
home
86%
is
86%
June
86%
kiss,
86%
me
86%
much
86%
on
86%
pub
86%
Ran
86%
“Strawberry
86%
type
86%
were
86%
Baby,
71%
Baby
71%
baby’s
71%
cut,
71%
did
71%
door
71%
Eyes
71%
find
71%
future
71%
honey,
71%
honour
71%
humming
71%
leave
71%
locking
71%
make
71%
need
71%
never
71%
our
71%
out
71%
Sat
71%
scared,
71%
shelter,
71%
there
71%
too
71%
wander,
71%
wanna
71%
won’t
71%
ya,
71%
You’re
71%
All
57%
birthdays
57%
buzz
57%
cracks,
57%
doesn’t
57%
eyebrows
57%
flawed
57%
fridge
57%
grew
57%
happy
57%
hideouts,
57%
incredibly
57%
maybe)
57%
maybe
57%
Maybe
57%
(Oh,
57%
perfect,
57%
rested
57%
smiling
57%
Stairwell
57%
without
57%
year’s
57%
ball
43%
hall
43%
matter
43%
nailed
43%
park
43%
pass
43%
yeah)
43%
Blood
29%
Nice
29%
(Ooh,
29%
heart,
14%
moons,
14%
skylarks
14%
that
14%
wide
14%
teeth,
0%

Score Distribution

Percentile by Number Answered

Percent of People with Each Score

Your Score History

You have not taken this quiz